| 000 | 00699nam a2200241Ia 4500 | ||
|---|---|---|---|
| 003 | OSt | ||
| 005 | 20220926021031.0 | ||
| 006 | a|||||r|||| 00| 0 | ||
| 007 | ta | ||
| 008 | 220923b |||||||| |||| 00| 0 eng d | ||
| 037 | _cGeneral Book | ||
| 040 |
_aRTL _cRTL _beng |
||
| 041 |
_2eng _aeng |
||
| 082 | _aSigma, K4 | ||
| 100 |
_aCount Earl W Ed. _9325665 |
||
| 245 | 0 | _aFact and theory in social science | |
| 260 |
_aNew York _bSyracuse University Press U S A _c1964 |
||
| 300 |
_axvi,253p _ccm. |
||
| 650 | _aSocial Sciences | ||
| 700 |
_a Bowles Gordon T Ed. _9325666 |
||
| 942 |
_hSigma, K4 _cGB _2CC |
||
| 999 |
_c635571 _d635571 |
||